|
|
|
|
| LEADER |
01591nam a2200373 i 4500 |
| 001 |
EBC5762016 |
| 003 |
MiAaPQ |
| 005 |
20200520144314.0 |
| 006 |
m o d | |
| 007 |
cr cnu|||||||| |
| 008 |
190520s1910 gw o 000 0 ger d |
| 020 |
|
|
|z 9783111136387
|
| 020 |
|
|
|a 9783111502908 (e-book)
|
| 035 |
|
|
|a (MiAaPQ)EBC5762016
|
| 035 |
|
|
|a (Au-PeEL)EBL5762016
|
| 035 |
|
|
|a (OCoLC)1100011955
|
| 040 |
|
|
|a MiAaPQ
|b eng
|e rda
|e pn
|c MiAaPQ
|d MiAaPQ
|
| 050 |
|
4 |
|a NE885
|b .L643 1910
|
| 082 |
0 |
|
|a 769.12
|2 23
|
| 100 |
1 |
|
|a Loga, Valerian von,
|d 1861-1918,
|e author.
|
| 245 |
1 |
0 |
|a Ordnung und Katalogisierung Eines Kupferstich-Kabinetts /
|c Erfahrungen und Vorschlaage von V. v. Loga.
|
| 264 |
|
1 |
|a Berlin :
|b Verlag von Georg Reimer,
|c 1910.
|
| 300 |
|
|
|a 1 online resource (54 pages)
|
| 336 |
|
|
|a text
|b txt
|2 rdacontent
|
| 337 |
|
|
|a computer
|b c
|2 rdamedia
|
| 338 |
|
|
|a online resource
|b cr
|2 rdacarrier
|
| 500 |
|
|
|a "Konigliche Museen zu Berlin"--Title page.
|
| 588 |
|
|
|a Description based on print version record.
|
| 590 |
|
|
|a Electronic reproduction. Ann Arbor, MI : ProQuest, 2018. Available via World Wide Web. Access may be limited to ProQuest affiliated libraries.
|
| 650 |
|
0 |
|a Engraving
|x Collectors and collecting.
|
| 655 |
|
4 |
|a Electronic books.
|
| 776 |
0 |
8 |
|i Print version:
|a Loga, Valerian von, 1861-1918.
|t Ordnung und Katalogisierung Eines Kupferstich-Kabinetts.
|d Berlin : Verlag von Georg Reimer, 1910
|h 54 pages
|z 9783111136387
|
| 797 |
2 |
|
|a ProQuest (Firm)
|
| 856 |
4 |
0 |
|u https://ebookcentral.proquest.com/lib/matrademy/detail.action?docID=5762016
|z Click to View
|